000 00436nam a2200181Ia 4500
001 8847
005 20260306160640.0
008 260306t2011||||xx |||||||||||||| ||spa||
041 _aESP
082 _a371.404
_bA61
100 _aAngulo Vargas, Araceli
_eAUT
245 0 _aLa tutoría en la educación primaria
260 _c2011
300 _a338 páginas :
_c24 cm.
650 _aGEN
654 _aCED
942 _cLIB
_dJUS
_fJUS
_2ddc
_n
999 _c8847
_d8847